Movies Quiz

Random Movies or Famous Quiz

Famous Movie Children III Quiz Stats

 Plays Quiz Updated Nov 1, 2015

Challenge
Share
Tweet
Score 0/25 Timer 05:00
4 Plays Today
Image Movie % Correct
Toy Story
94.4%
The Wizard of Oz
92.4%
Matilda
83.4%
The Curious Case of Benjamin Button
73.5%
X-Men: First Class
72.7%
The Ring
69%
Forrest Gump
66.7%
Kick-Ass
66.2%
The Hunger Games
66%
Jurassic Park
64.1%
The Sandlot
62.6%
Guardians of the Galaxy
60.6%
Big
60.4%
Image Movie % Correct
Slumdog Millionaire
59.7%
The Bad News Bears
58.1%
The Sound of Music
53.3%
The Grand Budapest Hotel
51.4%
Jumanji
49.7%
The Princess Bride
45.7%
The Exorcist
38.6%
To Kill a Mockingbird
38.1%
Léon: The Professional
38%
Taxi Driver
28.3%
Interview with the Vampire: The Vampire Chronicles
27.9%
Life Is Beautiful
19.8%

You're not logged in!

Compare scores with friends on all Sporcle quizzes.
Join for Free
OR
Log In

You Might Also Like...

Show Comments

Extras

Top Quizzes Today


Score Distribution

Your Account Isn't Verified!

In order to create a playlist on Sporcle, you need to verify the email address you used during registration. Go to your Sporcle Settings to finish the process.

Report this User

Report this user for behavior that violates our Community Guidelines.

Details: